Islam Under the Crusaders, Colonial Survival in the Thirteenth Century (Record no. 4312)
[ view plain ]
| 000 -LEADER | |
|---|---|
| fixed length control field | 00653nam a2200241 a 4500 |
| 020 ## - INTERNATIONAL STANDARD BOOK NUMBER | |
| ISBN | |
| 082 00 - DEWEY DECIMAL CLASSIFICATION NUMBER | |
| Classification number | 909.07 |
| Author Cutter | BUR |
| 100 ## - MAIN ENTRY--AUTHOR NAME | |
| Author name | Burn, Robert Ignatiyus |
| 245 ## - TITLE STATEMENT | |
| Title | Islam Under the Crusaders, Colonial Survival in the Thirteenth Century |
| 260 ## - PUBLICATION, DISTRIBUTION, ETC. (IMPRINT) | |
| Place of publication | New Jersy |
| Name of publisher | Princeston University Press |
| Year of publication | 1973 |
| 300 ## - PHYSICAL DESCRIPTION | |
| Number of Pages | 475p |
| 500 ## - GENERAL NOTE | |
| General note | includes index and biblioraphy |
| 505 2# - FORMATTED CONTENTS NOTE | |
| Formatted contents note | Bibliography, Index |
| 650 ## - SUBJECT ADDED ENTRY--TOPICAL TERM | |
| Topical Term | Crusades |
| 942 ## - ADDED ENTRY ELEMENTS (KOHA) | |
| Koha item type | Books |
| 700 1# - | |
| -- | Burn, Robert Ignatiyus |
| Collection code | Home library | Current library | Date acquired | Cost, normal purchase price | Full call number | Accession Number | Koha item type |
|---|---|---|---|---|---|---|---|
| Henry Martyn Institute Library | Henry Martyn Institute Library | 06/05/2007 | 2110.50 | 909.07 BUR | 09729 | Books |
